000 00316nam a2200121Ia 4500
008 240126s9999 xx 000 0 und d
041 _aEnglish
245 0 _aICFAI Journal of Monetary Economics (2005 -
260 _bICFAI
_aHyderabad
440 _aNULL
650 _aICFAI,Monetary,Economics,(2005,-
942 _cJN
999 _c263150
_d263150